000 01282nam a2200229Ia 4500
003 Ost
005 20260507075601.0
008 260507s9999||||xx |||||||||||||| ||und||
020 _a9957466119
040 _cfsecg
041 _aara
082 _a330
100 _aخلف، فليح حسن
_eمؤلف
245 0 _aالبنوك الاسلامية /
_c فليح حسن خلف
260 _aعمان:
_bعالم الكتب الحديث للنشر والتوزيع,
_c2006
300 _a432 صفحة؛
_bإيضاحات ؛
_c24 سم
504 _aمراجع ص.425
520 _aاساسيات الاقتصادات المختلفة و سماتها, المصارف و المصارف الاسلامية اضافة الى الربا و الفائدة و كذا الدور الاقتصادي و الاجتماعي, موارد المصارف الاسلامية, المضاربة , المشاركة, بيع المرابحة, بيع السلم و بيع الآجل, المزارعة, المقاساة , الاستصناع و الاجارة و اخيرا المصارف الاسلامية: الانجازات, الاخفاقات, المعوقات و المقترحات.
653 _aالاقتصاد الاسلامي
653 _aالبنوك الاسلامية
942 _cكتاب
999 _c45010
_d45010